| 000 | 00542nam a2200181Ia 4500 | ||
|---|---|---|---|
| 008 | 131103s9999 xx 000 0 und d | ||
| 040 | _aLoreto College | ||
| 041 | _aEnglish | ||
| 082 |
_a823.809/CEC/823.09/CEC _bLCLIB/12200 |
||
| 100 | _aCecil,David | ||
| 245 |
_aEarly Victorian novelists _b essays in revoluation _cDavid Cecil |
||
| 260 |
_aHarmondsworth _bPenguin _c1948 |
||
| 300 |
_a256 p. _c 18 cm. |
||
| 504 | _aIncludes index | ||
| 650 | _aVictorian Novel - History and Criticism | ||
| 850 | _aLCLIB/823.809/CEC | ||
| 942 | _cBK | ||
| 999 |
_c22267 _d72746 |
||